| 000 | 00373pab a2200157 454500 | ||
|---|---|---|---|
| 008 | 180718b2002 xxu||||| |||| 00| 0 eng d | ||
| 100 | _aSahay, B.S. | ||
| 245 | _aChanging the mindsets for success in supply chain management | ||
| 260 | _c2002 | ||
| 300 | _ap.39-43. | ||
| 362 | _aJul-Sep | ||
| 650 | _aManagement | ||
| 773 | _aVikalpa | ||
| 908 | _aN | ||
| 909 | _a54031 | ||
| 999 |
_c54031 _d54031 |
||